Stages of Genocide - Statistics

General Stats
  • This quiz has been taken 13 times
  • The average score is 3 of 10
Answer Stats
Stage Answer % Correct
10 Denial
64%
9 Extermination
64%
4 Dehumanization
45%
3 Discrimination
45%
1 Classification
27%
5 Organization
18%
8 Persecution
18%
6 Polarization
18%
7 Preparation
18%
2 Symbolization
18%
No matching quizzes found
Score Distribution
Percent of People with Each Score
Percentile by Number Answered
Your Score History
You have not taken this quiz